00323nam a2200133Ia 4500008004100000020001800041041000800059082001400067100001700081245004400098260002500142300000800167650001400175180314s9999 xx 000 0 und d a9789332510692 aeng a541.3 ATU aAtul Singhal 4aThe Pearson Guide to Physical Chemistry aPearsonbDelhic2014 a555 achemistry